000 00256nam a2200121Ia 4500
100 _aJURES/ATWOOD
650 _aComputers
942 _cBK
245 _aPL/SQL IN 21 DAYS
260 _bSAMS PUBLISHING
_aNew York
_c1997
300 _a646
546 _aENGLISH
999 _c33433
_d33433